<?xml version="1.0" encoding="UTF-8"?>
<collection xmlns="http://www.loc.gov/MARC21/slim">
 <record>
  <leader>00452nam a22001455a 4500</leader>
  <controlfield tag="001">EHU.bham008207</controlfield>
  <controlfield tag="003">AR-BHAM</controlfield>
  <controlfield tag="005">20100106140323.0</controlfield>
  <controlfield tag="008">130507s1928##################000#0#####d</controlfield>
  <datafield tag="082" ind1="8" ind2="6">
   <subfield code="a">862.4</subfield>
  </datafield>
  <datafield tag="100" ind1="1" ind2=" ">
   <subfield code="a">Subira, Jose</subfield>
  </datafield>
  <datafield tag="245" ind1="1" ind2="0">
   <subfield code="a">La tonadilla escenica. tomo 1 /</subfield>
   <subfield code="c">Jose Subira.</subfield>
  </datafield>
  <datafield tag="260" ind1=" " ind2=" ">
   <subfield code="a">Madrid :</subfield>
   <subfield code="b">Tipografia De Archivos,</subfield>
   <subfield code="c">1928</subfield>
  </datafield>
  <datafield tag="653" ind1=" " ind2=" ">
   <subfield code="a">Teatro espaÑol-1701-1800</subfield>
  </datafield>
  <datafield tag="859" ind1=" " ind2=" ">
   <subfield code="a">AR-BHAM</subfield>
   <subfield code="b">BIB. HUMANIDADES - General</subfield>
   <subfield code="h">862.4</subfield>
   <subfield code="i">SU15</subfield>
   <subfield code="p">1305.62</subfield>
   <subfield code="t">Ej.1</subfield>
   <subfield code="v">I</subfield>
   <subfield code="3">I</subfield>
  </datafield>
 </record>
</collection>
